| 000 | 01524cam a22003254a 4500 | ||
|---|---|---|---|
| 005 | 20260322212007.0 | ||
| 008 | data | ||
| 010 | _a 2011039770 | ||
| 020 | _a9781572249288 (pbk.) | ||
| 020 | _a9781572249295 (pdf e-book) | ||
| 020 | _a1572249285 | ||
| 040 |
_aDLC _cDLC _dDLC |
||
| 042 | _apcc | ||
| 050 | 0 | 0 |
_aBF637.C4 _bW557 2012 |
| 082 | 0 | 0 |
_a616.86/03 _223 |
| 092 | _a616.86 Wil 2012 | ||
| 100 | 1 | _aWilson, Kelly G. | |
| 245 | 1 | 4 |
_aThe wisdom to know the difference : _ban acceptance & commitment therapy workbook for overcoming substance abuse / _cKelly G. Wilson & Troy DuFrene. |
| 260 |
_aOakland, CA : _bNew Harbinger Publications, Inc., _cc2012. |
||
| 300 |
_avi, 173 p. : _bill. ; _c26 cm. |
||
| 504 | _aIncludes bibliographical references (p. [171]-173). | ||
| 505 | 0 | _aPrologue: a personal story -- Many paths to recovery, but only one for you -- In this very moment -- Will you? -- The sweet and the sad -- Holding stories lightly -- Being the author -- Turning back, in kindness -- Epilogue: the next day, and the day after that -- Afterword: some thoughts on the 12- step approach --Resources -- References. | |
| 650 | 0 | _aChange (Psychology) | |
| 650 | 0 | _aAcceptance and commitment therapy. | |
| 700 | 1 |
_aDuFrene, Troy, _d1972- |
|
| 906 |
_a7 _bcbc _corignew _d1 _eecip _f20 _gy-gencatlg |
||
| 925 | 0 |
_aacquire _b1 shelf copies _xpolicy default |
|
| 955 |
_wrd06 2011-10-04 _frc20 2012-04-30 to BCCD |
||
| 001 | data | ||
| 999 |
_c121 _d121 |
||